| 000 | 00811nam a2200205Ii 4500 | ||
|---|---|---|---|
| 003 | JO-AjNU | ||
| 008 | 230605s9999||||xx |||||||||||||| ||und|| | ||
| 017 | _a2009/3/961 | ||
| 040 |
_aJO-AjNU _bara _erda _cJO-AjNU |
||
| 041 | _aara | ||
| 050 | 1 | 4 | _aLB1731.4.Q38 2010 |
| 100 | 3 |
_aالقواسمة،هشام عطية مؤلف/الحوامدة،صباح خليل م.مشارك, _eauthor _930988 |
|
| 245 | 0 | 0 | _aدليل المرشد التربوي في مجال التوجيه الجمعي في الصفوف |
| 264 | 3 | 1 | _aعمان:دار اليازودي،2010 |
| 300 | _a224ص | ||
| 336 |
_atext _btxt _2rdacontent |
||
| 337 |
_aunmediated _bn _2rdamedia |
||
| 338 |
_avolume _bnc _2rdacarrier |
||
| 650 | 4 |
_aالتوجيه التربوي-الإرشاد النفسي-علم النفس التربوي _930989 |
|
| 999 |
_aA12346 _c15914 _d15914 |
||